00218nam a2200109Ia 4500008004100000100001100041245001100052260000900063650001200072942000700084999001700091190216s9999||||xx |||||||||||||| ||und|| aKaur H 0aAfrica bNull aHistory cBK c20372d20372